Statistics for Asian Cities by Picture #2

Click here to take the quiz!

General Stats

  • This quiz has been taken 67 times
  • The average score is 10 of 15

Answer Stats

Answer % Correct
Kuala Lumpur
96%
Hong Kong
94%
Taipei
87%
Dubai
83%
Kyoto
81%
Pyongyang
78%
Doha
74%
Baghdad
70%
Xian
65%
Mumbai
63%
Manila
56%
Male
48%
Dhaka
35%
Ho Chi Minh City
31%
Medina
19%

Score Distribution

Percentile by Number Answered

Percent of People with Each Score

Your Score History

You have not taken this quiz